Football Logo Country Quiz - Statistics

General Stats
  • This quiz has been taken 58 times
    35 since last reset
  • The average score is 22 of 28
Answer Stats
Picture Answer % Correct
England
100%
France
100%
Germany
100%
USA
100%
Belgium
96%
Netherlands
96%
Spain
96%
England
93%
Italy
93%
Scotland
93%
Spain
89%
England
85%
Germany
81%
Italy
81%
England
78%
Italy
78%
Portugal
78%
Spain
78%
Austria
74%
Scotland
74%
Turkey
74%
Denmark
70%
Portugal
70%
Argentina
59%
Brazil
48%
France
41%
USA
41%
Czechia
37%
No matching quizzes found
Score Distribution
Percent of People with Each Score
Percentile by Number Answered
Your Score History
You have not taken this quiz since the last reset